| 000 | 00415nam a2200157Ia 4500 | ||
|---|---|---|---|
| 008 | 210716s2018 xx 000 0 und d | ||
| 020 | _a9788126570942 | ||
| 041 | _aeng | ||
| 082 | _a519.5 SHAS | ||
| 100 | _aSharma, Seema. | ||
| 245 | _aStatistics for business and economics. | ||
| 250 | _a2 | ||
| 260 |
_aNew Delhi _bWiley India Pvt Ltd _c2018 |
||
| 300 | _axix,488 | ||
| 650 | _aStatistical Mathematics(519.5) | ||
| 999 |
_c197313 _d197313 |
||